| 000 | 02404nam0a22004091 4500 | ||
|---|---|---|---|
| 001 | v19\rc\2099465 | ||
| 005 | 20260406145935.0 | ||
| 035 | _a(NLR Aleph) 005175715 | ||
| 090 |
_a5099638 _c5099638 |
||
| 100 | _a20090914e18121812|||y0rusy50 ca | ||
| 101 | 0 | _arus | |
| 102 | _aRU | ||
| 135 | _acrcn 024anaba | ||
| 140 | _ay y zz yaa0000 | ||
| 200 | 1 |
_aГлас верноподданнаго на случай высочайшаго его императорскаго величества манифеста, изданнаго июля 6 дня 1812 года, _fсочинил профессор красноречия Григорий Городчанинов |
|
| 210 |
_a[Казань _cУниверситетская типография _d1812] |
||
| 215 |
_a7, [1] с. _d4° (24 см) |
||
| 300 | _aЦенз.: Казан. ун-та ценз. ком. | ||
| 311 | _aОтт. из газеты "Казанские известия". 1812. № 30. С. 4-7 | ||
| 321 | 1 | _aСК 1801-1825 1904 | |
| 325 | 1 | _aКопия доступна в электронной библиотеке РНБ | |
| 488 | 0 |
_12001#$aКазанские известия$v1812, № 30 _1215##$aС. 4-7 _tКазанские известия |
|
| 518 | 1 | _aГлас верноподанного на случай высочайшего его императорского величества манифеста, изданного июля 6 дня 1812 года | |
| 620 | _dКазань | ||
| 700 | 1 |
_8rus _7ca _aГородчанинов _bГ. Н. _f1772-1852 _gГригорий Николаевич _3RU\NLR\AUTH\77127168 _9110092 |
|
| 712 | 0 | 2 |
_4610 _aКазанский императорский университет _bТипография _3RU\NLR\AUTH\889925346 _9346468 |
| 801 | 0 |
_aRU _bNLR _gpsbo |
|
| 801 | 1 |
_aRU _bProSoft-M _2rusmarc |
|
| 801 | 2 |
_aRU _bNLR _c20160229 _2rusmarc |
|
| 852 |
_aNLR _j18.153.1.417 |
||
| 901 | _eКнижные издания | ||
| 942 | _cBOOK | ||
| 980 | _aNB | ||
| 981 | 2 | 0 | _a(20) Книжные памятники РНБ |
| 981 | 2 | 2 |
_a(22) Материалы по истории России _b(22) История России до 25 октября (7 ноября) 1917 года _bКультура. Наука. Просвещение. |